AH International Schools' Libraries

A New Year (Record no. 49041)

MARC details
000 -LEADER
fixed length control field 00363nam a22001217a 4500
008 - FIXED-LENGTH DATA ELEMENTS--GENERAL INFORMATION
fixed length control field 250725b |||||||| |||| 00| 0 eng d
020 ## - INTERNATIONAL STANDARD BOOK NUMBER
International Standard Book Number 9781474771801
100 ## - MAIN ENTRY--PERSONAL NAME
Personal name Molly Beth Griffin (Author) and Colin Jack (illustrator)
9 (RLIN) 86410
245 ## - TITLE STATEMENT
Title A New Year
260 ## - PUBLICATION, DISTRIBUTION, ETC. (IMPRINT)
Place of publication, distribution, etc UK
Name of publisher, distributor, etc Raintree
Date of publication, distribution, etc 2019
300 ## - PHYSICAL DESCRIPTION
Extent 32 pages
Other physical details col. ill.
Dimensions 8.98 x 0.71 x 5.83 inches
942 ## - ADDED ENTRY ELEMENTS (KOHA)
Source of classification or shelving scheme
Holdings
Withdrawn status Lost status Source of classification or shelving scheme Damaged status Not for loan Collection code Home library Current library Date acquired Total Checkouts Full call number Barcode Date last seen Price effective from Koha item type
          Siem Reap Asian Hope Siem Reap Asian Hope Siem Reap 07/25/2025   FIC MOL 209010 07/25/2025 07/25/2025 Book

For any Logos Library related questions please contact Miss Art at swongnarasuk@asianhope.org.

For any Asian Hope Library related questions please contact Miss Raza at graza@asianhope.org.

Click here to explore our ebooks!

Powered by Koha